[Event "AUTO-MASTER-1308"]
[Site "http://www.queenalice.com/game.php?id=879044"]
[Date "2010.12.30"]
[Round "1"]
[White "Sherlock6834"]
[Black "HILITO"]
[Result "0-1"]
[WhiteElo "2156"]
[BlackElo "2022"]

1. c4 c6 2. Nc3 d5 3. cxd5 cxd5 4. d4 Nf6 5. Nf3 e6 6. Bg5 Be7 7. e3 O-O 8. Bd3
Nbd7 9. O-O a6 10. Qb3 b5 11. Rac1 Bb7 12. a4 b4 13. Ne2 a5 14. Rc2 Ne4 15. Bxe7
Qxe7 16. Rc7 Rab8 17. Ne5 Rfd8 18. Bb5 Nef6 19. Rfc1 Qd6 20. f3 Nxe5 21. dxe5
Qxe5 22. Re7 Ba8 23. Rcc7 Rf8 24. Qd3 Qxb2 25. Nd4 Qa1+ 26. Kf2 Qa2+ 27. Kg3 Qa3
28. Qxa3 bxa3 29. Rc3 e5 30. Rxe5 Rfc8 31. Rxa3 Rc7 32. Nf5 g6 33. Nd4 Nh5+ 34.
Kh4 Ng7 35. g4 f6 36. Re6 Nxe6 37. Nxe6 Rc2 38. h3 Rbc8 39. Rd3 R8c3 40. Rd1
Rxe3 41. g5 Rxf3 42. gxf6 Rxf6 43. Nd4 Rg2 44. Ne2 Kg7 45. Rc1 Kh6 46. Rc8 g5#
0-1

[Event "AUTO-MASTER-1094"]
[Site "http://www.queenalice.com/game.php?id=880601"]
[Date "2011.1.3"]
[Round "2"]
[White "mad_knight"]
[Black "Sherlock6834"]
[Result "1-0"]
[WhiteElo "2306"]
[BlackElo "2253"]

1. e4 c6 2. d4 d5 3. exd5 cxd5 4. Bd3 Nf6 5. c3 Nc6 6. Bf4 e6 7. Nf3 Bd6 8. Bxd6
Qxd6 9. O-O O-O 10. Re1 h6 11. Ne5 Nd7 12. f4 Qe7 13. Qh5 Nf6 14. Qe2 Nd7 15.
Nd2 Ndxe5 16. fxe5 a6 17. Rf1 f5 18. exf6 Rxf6 19. Rxf6 Qxf6 20. Rf1 Qe7 21. Qh5
Nd8 22. Qg6 Nf7 23. Qh7+ 1-0

[Event "AUTO-MASTER-1094"]
[Site "http://www.queenalice.com/game.php?id=880602"]
[Date "2011.1.3"]
[Round "2"]
[White "Sherlock6834"]
[Black "mad_knight"]
[Result "0-1"]
[WhiteElo "2210"]
[BlackElo "2248"]

1. c4 e5 2. Nc3 Nc6 3. Nf3 d5 4. cxd5 e4 5. dxc6 exf3 6. cxb7 Bxb7 7. Qa4+ c6 8.
Qe4+ Be7 9. Qxf3 Nf6 10. e3 O-O 11. Bc4 Bd6 12. O-O Qc7 13. h3 c5 14. Nd5 Nxd5
15. Bxd5 Bxd5 16. Qxd5 Rfd8 17. Qf3 Rab8 18. b3 Bh2+ 19. Kh1 Be5 20. Rb1 c4 21.
d4 cxd3 22. Bd2 Qc2 23. Qd1 Qxa2 24. f4 Bb2 25. b4 Rbc8 26. Rf2 Rc2 27. Be1 Rxf2
28. Bxf2 d2 29. Kh2 Bc3 30. b5 Qxb1 31. Qxb1 d1=Q 32. Qe4 Bf6 33. Bg3 Qe2 0-1

[Event "AUTO-MASTER-1094"]
[Site "http://www.queenalice.com/game.php?id=880603"]
[Date "2011.1.3"]
[Round "2"]
[White "VladimirSpirin"]
[Black "Sherlock6834"]
[Result "1-0"]
[WhiteElo "2068"]
[BlackElo "2126"]

1. b3 Nf6 2. Bb2 d5 3. g3 Nc6 4. Bg2 e5 5. d3 Bc5 6. e3 Bf5 7. Ne2 e4 8. d4 Bd6
9. a3 Qd7 10. h3 g5 11. Nd2 h5 12. b4 Qe6 13. Nb3 b6 14. Nc3 Nd7 15. Nb5 O-O-O
16. Nxd6+ Qxd6 17. b5 Ne7 18. Qd2 h4 19. g4 Bg6 20. a4 f5 21. Ba3 Qf6 22. O-O-O
c5 23. dxc5 Nxc5 24. Bxc5 bxc5 25. Kb1 Qb6 26. Bf1 fxg4 27. hxg4 c4 28. Nd4 Rd7
29. Qb4 a5 30. Qc3 Rf8 31. Rd2 Be8 32. Bh3 Rd6 33. Ka2 Bd7 34. Qa3 Ng6 35. Rf1
Ne5 36. Rg1 Kb7 37. Qc3 Rdf6 38. Rg2 Qd6 39. Qa3 Qb4 40. Re2 c3 41. Qxb4 axb4
42. Kb3 Nd3 43. cxd3 exd3 44. Ra2 d2 45. Ra1 Rxf2 46. Rxf2 Rxf2 47. Kxb4 Rh2 48.
Kxc3 Rxh3 49. Kxd2 Rg3 50. a5 h3 51. a6+ Ka7 52. b6+ Ka8 53. b7+ Ka7 54. Rb1
Rg2+ 55. Kc3 1-0

[Event "AUTO-MASTER-1094"]
[Site "http://www.queenalice.com/game.php?id=880604"]
[Date "2011.1.3"]
[Round "2"]
[White "Sherlock6834"]
[Black "VladimirSpirin"]
[Result "0-1"]
[WhiteElo "2243"]
[BlackElo "2043"]

1. c4 b6 2. Nc3 Bb7 3. Nf3 g6 4. d4 d6 5. e4 Bg7 6. Be2 Nd7 7. O-O e6 8. Qd3 Ne7
9. b3 h6 10. Bb2 g5 11. Nd2 Ng6 12. g3 a6 13. f4 gxf4 14. gxf4 Qh4 15. f5 Nf4
16. Rf3 Nxd3 17. Rxd3 exf5 18. Nd5 Bxd5 19. exd5 O-O-O 20. Nf3 Qe4 21. Re1 Qg4+
22. Kf2 Bf6 23. Rg1 Bh4+ 24. Kf1 Qf4 25. Rd1 Rde8 26. Bc1 Qe4 27. Rg2 Rhg8 28.
Nxh4 Rxg2 29. Bf3 Qxh4 30. Bxg2 Qxh2 31. Rd3 Rg8 32. Rd2 Nf6 33. Rf2 Qg3 34. Bf4
Qd3+ 35. Kg1 Qxd4 0-1

[Event "AUTO-MASTER-1220"]
[Site "http://www.queenalice.com/game.php?id=884928"]
[Date "2011.1.12"]
[Round "2"]
[White "Sherlock6834"]
[Black "serrato987"]
[Result "0-1"]
[WhiteElo "2140"]
[BlackElo "2081"]

1. c4 Nf6 2. Nc3 e6 3. d4 d5 4. Nf3 c5 5. cxd5 exd5 6. Bg5 Be6 7. e4 Be7 8. exd5
Nxd5 9. Bxe7 Qxe7 10. Be2 O-O 11. O-O Nc6 12. Re1 cxd4 13. Nxd5 Bxd5 14. Bb5
Bxf3 15. Qxf3 Qd6 16. Re4 a6 17. Bd3 Rad8 18. Rh4 h6 19. Qh3 Ne5 20. Rd1 Rfe8
21. Bb1 d3 22. Re4 d2 23. Qe3 Qc6 24. Rxe5 Rxe5 25. Qxe5 Re8 26. Qa5 Qc1 0-1

[Event "AUTO-MASTER-1220"]
[Site "http://www.queenalice.com/game.php?id=884929"]
[Date "2011.1.12"]
[Round "2"]
[White "serrato987"]
[Black "Sherlock6834"]
[Result "1-0"]
[WhiteElo "2061"]
[BlackElo "2171"]

1. e4 c6 2. d4 d5 3. Nc3 dxe4 4. Nxe4 Bf5 5. Ng3 Bg6 6. Nf3 Nf6 7. Bd3 e6 8. O-O
Be7 9. c4 O-O 10. Be3 Ng4 11. Bxg6 hxg6 12. Qe2 Nxe3 13. Qxe3 Nd7 14. Ne4 Nf6
15. Neg5 b5 16. b3 bxc4 17. bxc4 Qc7 18. Rfe1 Bb4 19. Red1 Rfe8 20. Ne5 c5 21.
Nexf7 cxd4 22. Qh3 Kf8 23. Rxd4 Re7 24. Rad1 Rae8 25. Rh4 Rxf7 26. Rh8+ Ng8 27.
Qh7 Ke7 28. Rxg8 Rxg8 29. Qxg8 Kf6 30. Nxf7 Qxf7 31. Qxf7+ Kxf7 32. Rd7+ Kf6 33.
Rxa7 1-0

[Event "AUTO-MASTER-1220"]
[Site "http://www.queenalice.com/game.php?id=884930"]
[Date "2011.1.12"]
[Round "2"]
[White "Sherlock6834"]
[Black "Capivara"]
[Result "0-1"]
[WhiteElo "2106"]
[BlackElo "2329"]

1. c4 e5 2. Nc3 f5 3. Nf3 Nc6 4. d4 e4 5. Ne5 Nxe5 6. dxe5 d6 7. exd6 Qxd6 8.
Be3 Nf6 9. g3 Qb4 10. Qd2 Be6 11. b3 Ng4 12. Bg2 Rd8 13. Qc1 Nxe3 14. Qxe3 Bc5
15. Qc1 Bd4 0-1

[Event "AUTO-MASTER-1220"]
[Site "http://www.queenalice.com/game.php?id=884931"]
[Date "2011.1.12"]
[Round "2"]
[White "Capivara"]
[Black "Sherlock6834"]
[Result "1-0"]
[WhiteElo "2323"]
[BlackElo "2112"]

1. e4 c6 2. d4 d5 3. Nc3 dxe4 4. Nxe4 Bf5 5. Ng3 Bg6 6. h4 h6 7. Nf3 Nf6 8. Ne5
Bh7 9. Bd3 Bxd3 10. Qxd3 e6 11. Bd2 Bd6 12. f4 O-O 13. Ne4 Nxe4 14. Qxe4 Nd7 15.
g4 Nf6 16. Qf3 Qb6 17. O-O-O Qxd4 18. Bc3 1-0

[Event "AUTO-MASTER-1220"]
[Site "http://www.queenalice.com/game.php?id=884932"]
[Date "2011.1.12"]
[Round "2"]
[White "Sherlock6834"]
[Black "uracile"]
[Result "0-1"]
[WhiteElo "2179"]
[BlackElo "2309"]

1. c4 e5 2. Nc3 Nc6 3. g3 Bc5 4. Bg2 Nf6 5. Nf3 O-O 6. O-O d6 7. b3 Bg4 8. Bb2
a6 9. d3 Qd7 10. Qd2 h6 11. Ne4 Nxe4 12. dxe4 Qe7 13. e3 b5 14. Rac1 Be6 15.
cxb5 axb5 16. Ba1 Nb4 0-1

[Event "AUTO-MASTER-1220"]
[Site "http://www.queenalice.com/game.php?id=884933"]
[Date "2011.1.12"]
[Round "2"]
[White "uracile"]
[Black "Sherlock6834"]
[Result "1-0"]
[WhiteElo "2310"]
[BlackElo "2099"]

1. e4 c6 2. Nf3 d5 3. Nc3 d4 4. Ne2 c5 5. c3 Nc6 6. cxd4 cxd4 7. Qa4 d3 8. Ned4
Bd7 9. Bxd3 Nxd4 10. Qxd4 Bc6 11. Qe3 Nf6 12. Ne5 Qc7 13. Nxc6 Qxc6 14. b3 e6
15. Bb2 Be7 16. Rc1 Qd7 17. O-O O-O 18. Rc2 Rfc8 19. Rfc1 Rxc2 20. Rxc2 b6 21.
Qg3 Rc8 22. Rxc8+ Qxc8 23. Bc3 h6 24. h3 Qb7 25. Bc2 b5 26. b4 a5 27. bxa5 b4
28. Bd4 Qc8 29. a6 Qxc2 30. a7 1-0

[Event "AUTO-ELITE-673"]
[Site "http://www.queenalice.com/game.php?id=901390"]
[Date "2011.2.16"]
[Round "2"]
[White "lupengui"]
[Black "Sherlock6834"]
[Result "1-0"]
[WhiteElo "2579"]
[BlackElo "2101"]

1. c4 c5 2. Nf3 Nc6 3. Nc3 Nf6 4. e3 e6 5. d4 d5 6. a3 cxd4 7. exd4 b6 8. Qa4
Bb7 9. cxd5 Nxd5 10. Bb5 Qc7 11. Nxd5 exd5 12. Bf4 Bd6 13. Bxd6 Qxd6 14. Ne5 O-O
15. Bxc6 Bxc6 16. Qxc6 Qe7 17. O-O Rac8 18. Qxd5 Rfd8 19. Qf3 1-0

[Event "AUTO-ELITE-673"]
[Site "http://www.queenalice.com/game.php?id=901391"]
[Date "2011.2.16"]
[Round "2"]
[White "Sherlock6834"]
[Black "lupengui"]
[Result "0-1"]
[WhiteElo "2100"]
[BlackElo "2579"]

1. c4 c5 2. Nf3 Nc6 3. Nc3 e5 4. g3 d6 5. Bg2 Nf6 6. d3 Be7 7. O-O O-O 8. a3 h6
9. Qc2 Be6 10. b3 d5 11. cxd5 Nxd5 12. Ne4 Nd4 13. Qb2 f5 14. Ned2 Nxe2+ 15. Kh1
Bf6 16. Nxe5 Ndc3 17. Ndf3 Bd5 18. Re1 Bxe5 19. Rxe2 Nxe2 20. Qxe5 Re8 21. Qxf5
Nd4 22. Nxd4 Re1# 0-1